Lov značiek na Slovensku

Otvorenie outlet centra vo Voderadoch. Celoročné zľavy na značkové tovary. Rast tržieb v outletcentrách. Vznik konceptu outletov v USA v 70. rokoch. Outlety v Českej republike a v Rakúsku.

Salvato in:
Dettagli Bibliografici
Autore principale: Suchý, Daniel
Natura: Capitolo di libro
Lingua:slovacco
Soggetti:
Tags: Aggiungi Tag
Nessun Tag, puoi essere il primo ad aggiungerne!!

MARC

LEADER 00000naa a2200000 4500
001 0178521
005 20231113081334.0
041 0 |a slo 
044 |a SK 
245 1 0 |a Lov značiek na Slovensku  |c Daniel Suchý 
520 |a Otvorenie outlet centra vo Voderadoch. Celoročné zľavy na značkové tovary. Rast tržieb v outletcentrách. Vznik konceptu outletov v USA v 70. rokoch. Outlety v Českej republike a v Rakúsku. 
610 2 0 |a obchod 
610 2 0 |a značky výrobkov 
610 2 0 |a zľavy obchodné 
610 2 0 |a tržby 
100 1 |a Suchý, Daniel